Merged words - Statistics

General Stats
  • This quiz has been taken 18 times
  • The average score is 13 of 25
Answer Stats
Hint Answer % Correct
mark, munch march
100%
cream, geek creek
91%
fling, night flight
91%
lamp, bond land
91%
pan, haste paste
91%
listen, rotting listing
82%
therefore, mammal thermal
82%
permit, arson person
73%
protect, between protein
73%
aggregation, progressively aggressively
55%
component, analyser composer
55%
synthesis, acetic synthetic
55%
imperial, decorative imperative
45%
potential, archery pottery
45%
absolute, abortion absolution
36%
microbial, acroscopic microscopic
36%
psychotherapy, cryptological psychological
36%
commemorating, sectionality commonality
27%
instructor, government instrument
27%
polyester, prophetical political
27%
spectacular, desolation speculation
27%
archipelago, anthropology archaeology
18%
inaccessible, immoderacy inaccuracy
18%
absence, afford aboard
9%
evaporation, articulating evaluating
9%
No matching quizzes found
Score Distribution
Percent of People with Each Score
Percentile by Number Answered
Your Score History
You have not taken this quiz